| 000 | 01841cam a22003975a 4500 | ||
|---|---|---|---|
| 003 | EG-ScBUE | ||
| 005 | 20220516131227.0 | ||
| 006 | m||||fq||h 00| 0 | ||
| 008 | 091103r20092006enka f d 000 0 eng d | ||
| 020 | _a9780521601207 | ||
| 020 | _a0521601207 | ||
| 040 |
_aEG-ScBUE _beng _erda _cEG-ScBUE _dEG-ScBUE |
||
| 082 | 0 | 4 |
_a425.076 _bHAS _222 |
| 100 | 1 |
_aHashemi, Louise, _eauthor. _919911 |
|
| 245 | 1 | 0 |
_aCambridge grammar for PET with answers : _bself-study grammar reference and practice / _cLouise Hashemi and Barbara Thomas. |
| 246 | 3 | 4 |
_aGrammar for PET with answers : _bself-study grammar reference and practice |
| 250 | _aFourth printing. | ||
| 264 | 1 |
_aCambridge : _bCambridge University Press, _c2009. |
|
| 300 |
_aviii, 216 pages : _billustrations (some color) ; _c25 cm + _e2 CD. |
||
| 336 |
_2rdacontent _atext _btxt |
||
| 336 |
_2rdacontent _aspoken word _bspw |
||
| 337 |
_2rdamedia _aunmediated _bn |
||
| 337 |
_2rdamedia _aaudio _bs |
||
| 338 |
_2rdacarrier _avolume _bnc |
||
| 338 |
_2rdacarrier _aaudio disc _bsd |
||
| 490 | 0 | _aCambridge books for Cambridge exams | |
| 500 | _aIncludes glossary. | ||
| 520 | _aCambridge Grammar for PET provides complete coverage of the grammar needed for the Cambridge PET exam, and develops listening skills at the same time. It includes the full range of PET exam tasks from the Reading, Writing and Listening papers, and contains helpful grammar explanations and a grammar glossary. A Student's Book 'without answers' is also available. | ||
| 650 | 7 |
_aEnglish language _vExaminations, questions, etc. _2BUEsh _99157 |
|
| 650 | 7 |
_aEnglish language _xGrammar _vProblems, exercises, etc _2BUEsh |
|
| 651 | _2BUEsh | ||
| 653 |
_bHHUUEENN _cDecember2017 _cOctober2018 |
||
| 655 |
_vReading book _934232 |
||
| 700 | 1 |
_aThomas, Barbara, _d1953- _eauthor. _920857 |
|
| 942 |
_2ddc _cBB |
||
| 999 |
_c12859 _d12859 |
||